Word Ladder: The Gospels Quiz Stats

 Plays Quiz Updated Jul 22, 2015

Challenge
Share
Tweet
Embed
Score 0/11 Timer 01:00
4 Plays Today
Hint Word % Correct
Fourth GospelJOHN
92.1%
Second GospelMARK
91.2%
Poetic word for the early part of the dayMORN
88.8%
A low cry, often an expression of painMOAN
87%
Mindy's TV partnerMORK
86.1%
French Catholic saint executed in 100 Years WarJOAN
84.2%
Third GospelLUKE
83.1%
A bird, or end of expression 'on a...' meaning spontaneouslyLARK
68.8%
Superior, Baikal, or Victoria, e.g.LAKE
66.9%
A delicate fabric which can be made by needle, bobbin or other methodsLACE
57.9%
To not have or to requireLACK
57.1%

Today's Daily Dose

You're not logged in!

Compare scores with friends on all Sporcle quizzes.
Join for Free
OR
Log In

You Might Also Like...

Show Comments

Extras

Top Quizzes Today


Score Distribution

Your Account Isn't Verified!

In order to create a playlist on Sporcle, you need to verify the email address you used during registration. Go to your Sporcle Settings to finish the process.

Report this User

Report this user for behavior that violates our Community Guidelines.

Details: